epiphany - Taylor Swift (All Lyrics) - Statistics

General Stats
  • This quiz has been taken 1,265 times
  • The average score is 144 of 181
Answer Stats
Answer % Correct
I
97%
you
97%
a
94%
some
93%
your
93%
epiphany
92%
Just
89%
just
89%
of
88%
out
88%
think
87%
to
87%
To
87%
And
85%
what
84%
can't
83%
dream
83%
he's
82%
about
81%
bleeding
80%
Keep
80%
keep
80%
she's
80%
things
80%
But
79%
now
79%
speak
79%
down
78%
the
78%
With
78%
with
78%
crashing
77%
Doc
76%
fall
76%
in
76%
minutes
76%
sleep
76%
Someone's
76%
someone's
76%
Only
75%
twenty
75%
helmet
74%
one
74%
daughter
73%
mother
73%
Sir
73%
not
69%
single
69%
son
69%
Watch
69%
watch
69%
breathing
68%
make
68%
did
67%
hand
67%
life
67%
relief
67%
sense
67%
you've
67%
plastic
66%
seen
66%
Something
66%
breathe
65%
serve
65%
through
64%
wound
64%
flesh
63%
school
61%
cover
60%
med
60%
glimpse
57%
up
57%
rifle
56%
beaches
55%
here's
52%
Crawling
51%
Holds
44%
No matching quizzes found
Score Distribution
Percent of People with Each Score
Percentile by Number Answered
Your Score History
You have not taken this quiz